Prepojenie simulačných softvérov Tecnomatix Plant Simulation a Process Simulate pomocou komunikačného protokolu OPC UA

Gespeichert in:
Bibliographische Detailangaben
1. Verfasser: Sojka, Oliver (Verfasst von)
Weitere Verfasser: Habara, Marek (Betreuung Doktorarbeit)
Format: Manuskript Buch
Sprache:Slowakisch
Veröffentlicht: 2025
Schlagworte:
Online-Zugang:http://is.stuba.sk/zp/portal_zp.pl?podrobnosti=178926
Tags: Tag hinzufügen
Keine Tags, Fügen Sie das erste Tag hinzu!

MARC

LEADER 00000ntm a22000003a 4500
001 stuzp102591
003 SK-STU
005 20250628210612.7
007 ta
008 150427s2015----xo-----f-mn---000-0-slo-d
040 |a STU  |b slo 
041 0 |a slo 
100 1 |a Sojka, Oliver  |u 020020  |4 aut  |U SjF Strojnícka fakulta  |T SjF Ústav automatizácie, informatizácie a merania  |X 122782  |U J0020  |Y 802  |7 122782 
242 0 1 |a Communication link between Tecnomatix simulation tools using the OPC UA protocol  |y eng 
245 1 0 |a Prepojenie simulačných softvérov Tecnomatix Plant Simulation a Process Simulate pomocou komunikačného protokolu OPC UA 
260 |c 2025 
650 4 |a Process Simulate  |2 slo 
650 4 |a Tecnomatix  |2 slo 
650 4 |a TIA Portal  |2 slo 
650 4 |a PLC S-7 1200  |2 slo 
650 4 |a UAexpert  |2 slo 
650 4 |a SiOME  |2 slo 
650 4 |a Digitálne dvojča  |2 slo 
650 4 |a Virtuálne uvedenie do prevádzky  |2 slo 
650 4 |a OPC UA  |2 slo 
650 4 |a Plant Simulation  |2 slo 
650 4 |a Digital Twin  |2 eng 
650 4 |a Tecnomatix  |2 eng 
650 4 |a TIA Portal  |2 eng 
650 4 |a UAexpert  |2 eng 
650 4 |a SiOME  |2 eng 
650 4 |a Virtual Commissioning  |2 eng 
650 4 |a Plant Simulation  |2 eng 
650 4 |a Process Simulate  |2 eng 
650 4 |a PLC S-7 1200  |2 eng 
650 4 |a OPC UA  |2 eng 
700 1 |a Habara, Marek  |u 020020  |k Z3  |4 ths  |U SjF Strojnícka fakulta  |T SjF Ústav automatizácie, informatizácie a merania  |X 87297  |U J0020  |Y 802  |7 87297 
856 4 |u http://is.stuba.sk/zp/portal_zp.pl?podrobnosti=178926